Héritage et transmission dans le monachisme égyptien : les testaments des supérieurs du topos de Saint-Phoibammôn à Thèbes (P.Mon.Phoib.Test.) /

محفوظ في:

المؤلف الرئيسي: Garel, Esther (مؤلف)

التنسيق: كتاب

اللغة: French

منشور في: Le Caire : Institut français d'archéologie orientale du Caire, 2020.

سلاسل: Bibliotheque d'etudes Coptes ; 27.
BEC ; 27.

الموضوعات:

الوسوم: إضافة وسم

لا توجد وسوم, كن أول من يضع وسما على هذه التسجيلة!

رقم الطلب: PJ2195 .B5 v.27

LEADER 01065nam a22002417a 4500
005 20260202085920.0
008 020226t2020 fr a b 000 0 fre d
020 |a 9782724707601  |q (hardback) 
040 |c ARCE Library 
050 1 4 |a PJ2195  |b .B5 v.27 
100 1 |a Garel, Esther,   |e author 
245 1 0 |a Héritage et transmission dans le monachisme égyptien :   |b les testaments des supérieurs du topos de Saint-Phoibammôn à Thèbes (P.Mon.Phoib.Test.) /   |c Esther Garel. 
260 1 |a Le Caire :   |b Institut français d'archéologie orientale du Caire,   |c 2020. 
300 |a xv, 350 pages :   |b illustrations (some color) ;   |c 28 cm. 
490 |a Bibliotheque d'etudes Coptes ; 27. 
490 |a BEC ; 27. 
504 |a Includes bibliographical references (pages 305-315) and indexes. 
610 2 0 |a St. Phoibammon (Monastery : Thebes, Egypt) 
650 0 |a Coptic language   |v Texts. 
650 0 |a Coptic monasticism and religious orders   |z Egypt   |z Deir el-Bahri Site. 
650 0 |a Christian antiquities   |z Egypt   |z Deir el-Bahri Site. 
942 |2 lcc  |c BK 
999 |c 37224  |d 37224